000
00288nam a22001337a 4500
008
181003b xxu||||| |||| 00| 0 eng d
020
_a
9780810939165
041
_a
eng
080
_a
591
100
_a
7
101
_a
ZOO
245
_a
The Ubiquitous Pig
_c
Nissenson,M
942
_2
udc
_c
BK
999
_c
48813
_d
48813